| 000 | 00405nam a2200181Ia 4500 | ||
|---|---|---|---|
| 005 | 20240823055256.0 | ||
| 008 | 240823s9999||||xx |||||||||||||| ||und|| | ||
| 041 | _aTAMIL | ||
| 082 | _A351.131 Q6 | ||
| 100 | _aVeerapaagu Ma | ||
| 245 | 0 | _aSSC Payirchi kaiyedu | |
| 250 | _a1st | ||
| 260 |
_c2016 _bSanthi Publica |
||
| 500 | _aYES | ||
| 650 |
_aSSC Exam _bGeneral |
||
| 942 | _cBK | ||
| 999 |
_c228406 _d228406 |
||